|
|
|
|
| LEADER |
00000cam a2200000 7i4500 |
| 001 |
0000122425 |
| 005 |
20081007.0 |
| 020 |
|
|
|a 9781741141061
|
| 090 |
0 |
0 |
|a 959.7043394
|b LOC
|
| 100 |
1 |
|
|a Lockhart, Greg
|
| 245 |
1 |
4 |
|a The minefield :
|b an Australian tragedy in Vietnam
|c Greg Lockhart
|
| 260 |
|
|
|a Australia :
|b Allen & Unwin ,
|c 2007
|
| 300 |
|
|
|a 306p. :
|b 23cm
|
| 650 |
0 |
0 |
|a Land mines
|x Phuoc Tuy (Vietnam : Province)
|
| 651 |
|
0 |
|a Australia.Army.Australian Task Force (Vietnam), 1st
|
| 651 |
|
0 |
|a Vietnam War, 1961-1975
|x Participation, Australian
|
| 999 |
|
|
|a 00218195
|b BUKU
|c PINJAMAN
|e PERPUSTAKAAN KOMUNITI PETALING JAYA
|